000 00565nam a2200217Ia 4500
003 OSt
005 20220928141039.0
006 a|||||r|||| 00| 0
007 ta
008 220927b |||||||| |||| 00| 0 eng d
024 _a13113
037 _cTextual
040 _aSDCL
_cSDCL
_beng
041 _2eng
_aeng
082 _aV1:19'N7, L8
100 _aKratochwil Friedrich V
_9498679
245 0 _aInternational order and foreign policy
260 _c1978
942 _hV1:19'N7, L8
_cTEXL
_2CC
999 _c815522
_d815522